000 00308nam a22001337a 4500
008 171020b xxu||||| |||| 00| 0 eng d
020 _a9780138577230
041 _aeng
080 _25 ED
_a338
100 _a54
101 _aMEN
245 _aMANAGEMENT INFORMATION SYSTEMS
_cLAUDON.K.C
942 _2udc
_cBK
999 _c35123
_d35123